Retail Investment Package - rozpačité povzbuzení zájmu o investování na cestě ke schválení

Retailoví investori nemajú dôveru k finančným trhom a k investovaniu, pretože im investície neponúkajú priaznivý pomer medzi cenou a výnosom. Informácie poskytované o retailových investičných produktoch sú nezrozumiteľné a neprehľadné. Provízny systém odmeňovania generuje voči retailovým investorom...

Descrizione completa

Salvato in:
Dettagli Bibliografici
Autore principale: Urbanec, Jan
Altri autori: Králík, Aleš
Natura: Capitolo di libro
Lingua:ceco
Soggetti:
Tags: Aggiungi Tag
Nessun Tag, puoi essere il primo ad aggiungerne!!

MARC

LEADER 00000naa a2200000 4500
001 0304751
005 20241023100407.2
041 0 |a cze 
044 |a CZ 
245 1 0 |a Retail Investment Package - rozpačité povzbuzení zájmu o investování na cestě ke schválení  |c Jan Urbanec, Aleš Králík 
520 |a Retailoví investori nemajú dôveru k finančným trhom a k investovaniu, pretože im investície neponúkajú priaznivý pomer medzi cenou a výnosom. Informácie poskytované o retailových investičných produktoch sú nezrozumiteľné a neprehľadné. Provízny systém odmeňovania generuje voči retailovým investorom nepriaznivé doporučenia. Nefunguje cezhraničné poskytovanie investičných služieb na vnútornom trhu EÚ. Regulácia investovania zostáva v "dobe papierovej" a nereflektuje nástup digitálu. To všetko sú základné východiská návrhu legislatívneho balíčku k pravidlám na ochranu retailových investorov, tzv. Retail Investment Package (RIP), niekedy tiež označovaného ako Retail Investment Strategy (RIS), ktorý Európska komisia vlani zverejnila a ktorý bol spojený s veľkým očakávaním. 
610 2 0 |a investovanie 
610 2 0 |a investície 
610 2 0 |a trh finančný 
610 2 0 |a regulácia 
610 2 0 |a retailing 
610 2 0 |a služby investičné 
610 2 0 |a legislatíva 
610 2 0 |a smernice 
610 2 0 |a Európska komisia 
610 2 0 |a Európska únia 
100 1 |a Urbanec, Jan 
700 1 |a Králík, Aleš